世田谷区(東京都)の駅 - Statistics

General Stats
  • This quiz has been taken 59 times
    55 since last reset
  • The average score is 32 of 44
Answer Stats
Answer % Correct
下北沢
93%
下北沢
93%
世田谷
89%
明大前
86%
下高井戸
86%
明大前
86%
三軒茶屋
86%
三軒茶屋
86%
下高井戸
86%
経堂
84%
二子玉川
84%
二子玉川
84%
千歳烏山
82%
成城学園前
82%
池尻大橋
82%
桜新町
82%
用賀
82%
東北沢
80%
豪徳寺
80%
駒沢大学
80%
代田橋
77%
上北沢
77%
喜多見
77%
桜上水
73%
芦花公園
73%
池ノ上
73%
梅ヶ丘
73%
千歳船橋
70%
祖師ヶ谷大蔵
70%
世田谷代田
68%
新代田
66%
東松原
66%
等々力
66%
上野毛
61%
若林
61%
松陰神社前
61%
奥沢
59%
九品仏
57%
西太子堂
57%
山下
57%
松原
52%
上町
50%
宮の坂
50%
尾山台
41%
No matching quizzes found
Score Distribution
Percent of People with Each Score
Percentile by Number Answered
Your Score History
You have not taken this quiz since the last reset